Music Quiz

Random Music or Billboard Quiz
Score 0/24 Timer 09:00
3 Plays Today
Year Singer/Band % Correct
1964The Beatles
92.4%
1965The Beatles
92.4%
1967The Beatles
92.4%
1983Michael Jackson
78.8%
1988Michael Jackson
78.8%
1960Elvis Presley
71.6%
2010Katy Perry
44.5%
1991Mariah Carey
43.5%
1975Elton John
42.2%
2011Katy Perry
42.1%
2008Rihanna
39.5%
2010Rihanna
39.5%
Year Singer/Band % Correct
1978Bee Gees
37.1%
1979Bee Gees
37.1%
1988George Michael
36.6%
2004Usher
28.7%
1964The Supremes
25.5%
1965The Supremes
25.5%
1970The Jackson Five
19.6%
1985Phil Collins
15.3%
1979Donna Summer
14.9%
1989Paula Abdul
12.5%
1997Puff Daddy
9.7%
1989Milli Vanilli
7.6%
Remove Ads.
Support Sporcle.
Get the best of Sporcle when you Go Orange. This ad-free experience offers more features, more stats, and more fun while also helping to support Sporcle. Thank you for becoming a member.

You're not logged in!

Compare scores with friends on all Sporcle quizzes.
OR
Log In

Sporcle TV

Today on Sporcle TV


Watch our educational content, quiz creation guides, and fun videos on Sporcle TV.

Show Comments

Extras

Top Quizzes Today


Score Distribution

Paid Content

Your Account Isn't Verified!

In order to create a playlist on Sporcle, you need to verify the email address you used during registration. Go to your Sporcle Settings to finish the process.

Report this User

Report this user for behavior that violates our Community Guidelines.

Details: